Statistiken für WM-Rekordtorjäger

Klicken Sie hier um das Quiz zu spielen!

Allgemein

  • Dieses Quiz wurde 1.647 mal gespielt
    (828 seit der letzten Aktualisierung)
  • Das Durchschnittsergebnis liegt bei 7 aus 15

Antwortstatistiken

ToreNationalitätSpieler% Korrekt
16
DeutschlandMiroslav Klose
97%
15BrasilienRonaldo
96%
14DeutschlandGerd Müller
95%
10DeutschlandThomas Müller
95%
13ArgentinienLionel Messi
94%
12FrankreichKylian Mbappé
76%
12BrasilienPelé
73%
11DeutschlandJürgen Klinsmann
28%
13
FrankreichJust Fontaine
22%
10EnglandGary Lineker
18%
10DeutschlandHelmut Rahn
13%
10ArgentinienGabriel Batistuta
11%
10PolenGrzegorz Lato
6%
11UngarnSándor Kocsis
4%
10PeruTeófilo Cubillas
2%

Verteilung der Resultate

Perzentil nach korrekt beantworteten Fragen

Anzahl Personen mit jedem Resultat

Ihre Resultats-Entwicklung

Sie haben dieses Quiz seit der letzten Aktualisierung nicht gespielt